000 nam a22 7a 4500
999 _c328594
_d328594
003 Nust
005 20170412125926.0
008 170412b xxu||||| |||| 00| 0 eng d
020 _a8174732640
040 _c0
082 _a363.61 ALF
245 _aAssessing Microbial Safety Of Drinking Water:
_bImproving Approaches and Methods
_cEdited by Al Dufour,Mario Snozzi.Wolfgang Koster
260 _aGeneva
_bWorld Health Organizations,OECD
_c2003
300 _a295p.
500 _aH.B
942 _2ddc
_cBK
_k363.61 ALF